Clic Quel pays ? Villes les plus hautes d'Afrique - Statistiques

Statistiques générales
  • Ce quiz a été pris 6 fois
  • Le résultat moyen est 7 sur 52
Statistiques - réponses
Hint Extra Hint Réponse % Correct
La Convalescence Grande Comore / 1787 m Comores
67%
Windhoek Khomas 1728 m Namibie
67%
Lusaka Lusaka / 1279 m Zambie
67%
Tazrouk Tamanrasset / 1827 m Algérie
50%
Sainte Catherine Sinaï Sud / 1586 m Égypte
50%
Boulemane Fès-Meknès / 2029 m Maroc
50%
Belfast Mpumalanga / 1970 m Afrique-du-Sud
33%
Estância Roque Fogo / 1500 m Cap-Vert
33%
M. Vilela São Tomé / 991 m Sao Tomé-et-Principe
33%
Kutum Darfour du Nord / 1127 m Soudan
33%
Edzouanseke Plateaux / 803 m Congo
17%
Biankouma Dix-Huit Montagnes / 600 m Côte d'Ivoire
17%
Mizma Amhara / 3500 m Éthiopie
17%
Moka Bioko-Sur / 1013 m Guinée équatoriale
17%
Soanindrariny Vakinankaratra / 1817 m Madagascar
17%
Curepipe Plaines Wilhems / 446 m Maurice
17%
Jos Plateau / 1238 m Nigeria
17%
Masisi Nord-Kivu / 1651 m RD Congo
17%
Aouzou Borkou-Ennedi-Tibesti / 1074 m Tchad
17%
Thala Kasserine / 1017 m Tunisie
17%
Marondera Mashonaland oriental / 1630 m Zimbabwe
17%
Huambo et Lubango Huambo et Huila / 1721 m Angola
0%
Aledjo-Koura Donga / 451 m Bénin
0%
Kanye Sud / 1306 m Botswana
0%
Diali Cascades / 456 m Burkina Faso
0%
Muramvya Muramvya / 1924 m Burundi
0%
Ndu Sud-Ouest / 2611 m Cameroun
0%
Bocaranga Ouham-Pendé / 1072 m Centrafrique
0%
Airolaf Tadjourah / 1667 m Djibouti
0%
Adi Keyh Debub / 2500 m Érythrée
0%
Sandlane Manzini / 1503 m Eswatini
0%
Ndindi Ngounié / 932 m Gabon
0%
Bani Upper River / 50 m Gambie
0%
Amedzofe Volta / 677 m Ghana
0%
Mali Labé / 1441 m Guinée
0%
Bolabá Gabu / 226 m Guinée-Bissau
0%
Nyahururu Vallée du Grand Rift / 2360 m Kenya
0%
Khalahali Mokhotlong /3158 m Lesotho
0%
Sanniquellie Nimba / 671 m Liberia
0%
Dedza Région centrale / 1590 m Malawi
0%
Sadegue Mopti / 604 m Mali
0%
Zouerate Tiris Zemmour / 488 m Mauritanie
0%
Lichinga Niassa / 1360 m Mozambique
0%
Inignaouei Arlit / 1556 m Niger
0%
Kabale Ouest / 2000 m Ouganda
0%
Byumba Nord / 2237 m Rwanda
0%
Nepen Diakha Kédougou / 153 m Sénégal
0%
Dawule Nord / 890 m Sierra Leone
0%
Erigavo Sanaag / 1788 m Somalie
0%
Torit Équatoria-Oriental / 829 m Soudan du Sud
0%
Mbeya Mbeya / 1700 m Tanzanie
0%
Sadomé Plateaux / 798 m Togo
0%
Aucun quiz correspondant
Distribution des résultats
% des personnes avec chaque résultat
Percentile par nombre de réponses
Votre historique - résultats
Vous n’avez pas pris ce quiz